000 00756nam a2200241Ia 4500
003 OSt
005 20220926032527.0
006 a|||||r|||| 00| 0
007 ta
008 220923b |||||||| |||| 00| 0 eng d
037 _cGeneral Book
040 _aRTL
_cRTL
_beng
041 _2eng
_aeng
082 _aX9(J711).2.N63<N60r, K3/GD
110 _aNILAMBUR RUBBER CO. LTD, TAMARACHERRY
_9337582
245 0 _aTwenty-fourth annual report of the board of directors, 1960.
260 _aTamaracherry
_bNilambur Rubber Co.
_c1963
300 _a13p.
_ccm.
490 _aSeries;24
700 _aNILAMBUR RUBBER CO. LTD, TAMARACHERRY
_9337583
942 _hX9(J711).2.N63<N60r, K3/GD
_cGB
_2CC
999 _c654841
_d654841